[Event "DEM U12w 2025"]
[Site "Willingen GER"]
[Date "2025.06.11"]
[Round "6"]
[White "Bohatyrova, Mariia"]
[Black "Shynkar, Daria"]
[Result "0-1"]
[Termination "normal"]
[Board "2"]
[WhiteElo "1721"]
[BlackElo "1733"]
[WhiteClock "00:03:16"]
[BlackClock "00:36:20"]
[PlyCount "160"]
[WhiteFideId "34165789"]
[BlackFideId "34163212"]
[EventCountry "GER"]
[EventRounds "9"]
[EventType "swiss"]
[EventDate "2025.06.07"]

1. e4 {[%clk 01:30:57]} {[%emt 00:00:03]} e6 {[%clk 01:30:54]} {[%emt
00:00:06]} 2. d4 {[%clk 01:31:18]} {[%emt 00:00:08]} d5 {[%clk 01:31:21]}
{[%emt 00:00:04]} 3. e5 {[%clk 01:30:30]} {[%emt 00:01:18]} c5 {[%clk
01:31:46]} {[%emt 00:00:06]} 4. Qg4 {[%clk 01:30:13]} {[%emt 00:00:46]} cxd4
{[%clk 01:28:33]} {[%emt 00:03:44]} 5. Nf3 {[%clk 01:27:09]} {[%emt 00:03:32]}
Nc6 {[%clk 01:26:18]} {[%emt 00:02:46]} 6. Bd3 {[%clk 01:25:14]} {[%emt
00:02:23]} Qc7 {[%clk 01:25:20]} {[%emt 00:01:30]} 7. Qg3 {[%clk 01:25:23]}
{[%emt 00:00:20]} Nb4 {[%clk 01:24:15]} {[%emt 00:01:37]} 8. O-O {[%clk
01:12:28]} {[%emt 00:13:24]} Nxc2 {[%clk 01:18:59]} {[%emt 00:05:45]} 9. Bxc2
{[%clk 01:12:47]} {[%emt 00:00:12]} Qxc2 {[%clk 01:19:22]} {[%emt 00:00:07]}
10. Nxd4 {[%clk 01:13:10]} {[%emt 00:00:06]} Qc4 {[%clk 01:12:14]} {[%emt
00:07:39]} 11. Be3 {[%clk 01:09:39]} {[%emt 00:04:01]} Bd7 {[%clk 01:09:56]}
{[%emt 00:02:48]} 12. Nd2 {[%clk 01:01:26]} {[%emt 00:08:41]} Qa6 {[%clk
01:06:25]} {[%emt 00:04:03]} 13. b4 {[%clk 00:37:54]} {[%emt 00:24:02]} b6
{[%clk 01:04:07]} {[%emt 00:02:48]} 14. a4 {[%clk 00:30:08]} {[%emt 00:08:13]}
Ne7 {[%clk 01:01:51]} {[%emt 00:02:48]} 15. Rfc1 {[%clk 00:19:04]} {[%emt
00:11:33]} Ng6 {[%clk 01:00:56]} {[%emt 00:01:26]} 16. b5 {[%clk 00:19:18]}
{[%emt 00:00:16]} Qb7 {[%clk 01:01:11]} {[%emt 00:00:15]} 17. h4 {[%clk
00:19:17]} {[%emt 00:00:30]} h5 {[%clk 00:52:42]} {[%emt 00:09:01]} 18. f4
{[%clk 00:18:26]} {[%emt 00:01:21]} Ne7 {[%clk 00:51:02]} {[%emt 00:02:09]} 19.
N2f3 {[%clk 00:16:53]} {[%emt 00:02:02]} g6 {[%clk 00:50:15]} {[%emt 00:01:18]}
20. Bd2 {[%clk 00:14:50]} {[%emt 00:02:32]} Nf5 {[%clk 00:49:36]} {[%emt
00:01:11]} 21. Nxf5 {[%clk 00:13:23]} {[%emt 00:01:57]} exf5 {[%clk 00:50:04]}
{[%emt 00:00:02]} 22. Be3 {[%clk 00:13:09]} {[%emt 00:00:43]} Rc8 {[%clk
00:46:57]} {[%emt 00:03:38]} 23. Rxc8+ {[%clk 00:12:15]} {[%emt 00:01:23]} Bxc8
{[%clk 00:43:41]} {[%emt 00:03:47]} 24. Rc1 {[%clk 00:12:01]} {[%emt 00:00:42]}
Be7 {[%clk 00:43:19]} {[%emt 00:00:54]} 25. Nd4 {[%clk 00:08:16]} {[%emt
00:04:14]} Bd7 {[%clk 00:41:51]} {[%emt 00:01:58]} 26. Qf3 {[%clk 00:07:50]}
{[%emt 00:00:53]} Bxh4 {[%clk 00:40:18]} {[%emt 00:02:08]} 27. Nc6 {[%clk
00:06:44]} {[%emt 00:01:34]} Be6 {[%clk 00:39:35]} {[%emt 00:01:13]} 28. Qh3
{[%clk 00:06:19]} {[%emt 00:00:54]} Be7 {[%clk 00:39:41]} {[%emt 00:00:26]} 29.
Bf2 {[%clk 00:03:31]} {[%emt 00:03:13]} O-O {[%clk 00:39:29]} {[%emt 00:00:47]}
30. Nxe7+ {[%clk 00:00:51]} {[%emt 00:03:10]} Qxe7 {[%clk 00:39:57]} {[%emt
00:00:02]} 31. Bh4 {[%clk 00:01:11]} {[%emt 00:00:09]} Qb4 {[%clk 00:39:47]}
{[%emt 00:00:41]} 32. Qg3 {[%clk 00:00:53]} {[%emt 00:00:47]} Qd4+ {[%clk
00:39:44]} {[%emt 00:00:33]} 33. Kh2 {[%clk 00:01:06]} {[%emt 00:00:17]} Qxa4
{[%clk 00:39:55]} {[%emt 00:00:19]} 34. Bf6 {[%clk 00:01:24]} {[%emt 00:00:12]}
Kh7 {[%clk 00:40:02]} {[%emt 00:00:23]} 35. Rh1 {[%clk 00:00:42]} {[%emt
00:01:12]} d4 {[%clk 00:38:17]} {[%emt 00:02:16]} 36. Qf3 {[%clk 00:00:32]}
{[%emt 00:00:40]} Qb3 {[%clk 00:38:27]} {[%emt 00:00:18]} 37. Qf2 {[%clk
00:00:33]} {[%emt 00:00:31]} Qe3 {[%clk 00:38:44]} {[%emt 00:00:13]} 38. Qxe3
{[%clk 00:00:33]} {[%emt 00:00:30]} dxe3 {[%clk 00:39:12]} {[%emt 00:00:01]}
39. Re1 {[%clk 00:00:55]} {[%emt 00:00:08]} Bc4 {[%clk 00:39:30]} {[%emt
00:00:13]} 40. Rxe3 {[%clk 00:01:19]} {[%emt 00:00:06]} Bxb5 {[%clk 00:39:52]}
{[%emt 00:00:08]} 41. Rc3 {[%clk 00:28:54]} {[%emt 00:02:53]} Bd7 {[%clk
01:03:53]} {[%emt 00:06:30]} 42. Rc7 {[%clk 00:24:21]} {[%emt 00:05:02]} Be6
{[%clk 01:04:17]} {[%emt 00:00:07]} 43. Rxa7 {[%clk 00:24:31]} {[%emt
00:00:21]} Rb8 {[%clk 01:04:31]} {[%emt 00:00:15]} 44. Be7 {[%clk 00:20:43]}
{[%emt 00:04:18]} b5 {[%clk 01:04:58]} {[%emt 00:00:04]} 45. Bd6 {[%clk
00:20:50]} {[%emt 00:00:22]} Rc8 {[%clk 01:03:23]} {[%emt 00:02:06]} 46. Rb7
{[%clk 00:15:03]} {[%emt 00:06:16]} Rc4 {[%clk 01:02:43]} {[%emt 00:01:10]} 47.
g3 {[%clk 00:06:38]} {[%emt 00:08:56]} Rc2+ {[%clk 01:02:36]} {[%emt 00:00:37]}
48. Kh3 {[%clk 00:07:05]} {[%emt 00:00:01]} Bc4 {[%clk 01:00:42]} {[%emt
00:02:26]} 49. Bb4 {[%clk 00:05:03]} {[%emt 00:02:27]} Bf1+ {[%clk 01:00:29]}
{[%emt 00:00:48]} 50. Kh4 {[%clk 00:05:20]} {[%emt 00:00:13]} Bc4 {[%clk
00:57:07]} {[%emt 00:03:51]} 51. Rc7 {[%clk 00:02:35]} {[%emt 00:03:16]} Rh2+
{[%clk 00:52:35]} {[%emt 00:05:02]} 52. Kg5 {[%clk 00:02:58]} {[%emt 00:00:06]}
Rb2 {[%clk 00:51:37]} {[%emt 00:01:29]} 53. Ba5 {[%clk 00:02:22]} {[%emt
00:01:02]} Be6 {[%clk 00:46:49]} {[%emt 00:05:22]} 54. Rb7 {[%clk 00:02:25]}
{[%emt 00:00:25]} Rg2 {[%clk 00:42:28]} {[%emt 00:04:52]} 55. Be1 {[%clk
00:02:21]} {[%emt 00:00:32]} h4 {[%clk 00:42:16]} {[%emt 00:00:45]} 56. Kxh4
{[%clk 00:00:32]} {[%emt 00:02:20]} Rh2+ {[%clk 00:42:39]} {[%emt 00:00:06]}
57. Kg5 {[%clk 00:00:55]} {[%emt 00:00:06]} Kg7 {[%clk 00:43:06]} {[%emt
00:00:04]} 58. g4 {[%clk 00:00:43]} {[%emt 00:00:41]} fxg4 {[%clk 00:43:27]}
{[%emt 00:00:10]} 59. Bh4 {[%clk 00:00:32]} {[%emt 00:00:41]} g3 {[%clk
00:43:28]} {[%emt 00:00:28]} 60. f5 {[%clk 00:00:41]} {[%emt 00:00:21]} g2
{[%clk 00:35:35]} {[%emt 00:08:24]} 61. Bf2 {[%clk 00:01:00]} {[%emt 00:00:23]}
Bxf5 {[%clk 00:32:24]} {[%emt 00:03:40]} 62. e6 {[%clk 00:00:45]} {[%emt
00:00:45]} Bxe6 {[%clk 00:32:17]} {[%emt 00:00:37]} 63. Bd4+ {[%clk 00:01:08]}
{[%emt 00:00:06]} Kh7 {[%clk 00:32:24]} {[%emt 00:00:23]} 64. Rb8 {[%clk
00:00:45]} {[%emt 00:00:54]} g1=Q+ {[%clk 00:32:46]} {[%emt 00:00:07]} 65. Bxg1
{[%clk 00:01:09]} {[%emt 00:00:07]} Rg2+ {[%clk 00:33:05]} {[%emt 00:00:12]}
66. Kf6 {[%clk 00:01:25]} {[%emt 00:00:13]} Rxg1 {[%clk 00:33:24]} {[%emt
00:00:11]} 67. Rxb5 {[%clk 00:01:42]} {[%emt 00:00:13]} Rf1+ {[%clk 00:33:30]}
{[%emt 00:00:24]} 68. Ke7 {[%clk 00:01:55]} {[%emt 00:00:15]} Rf5 {[%clk
00:33:47]} {[%emt 00:00:15]} 69. Rb4 {[%clk 00:02:03]} {[%emt 00:00:20]} g5
{[%clk 00:33:53]} {[%emt 00:00:25]} 70. Rg4 {[%clk 00:01:58]} {[%emt 00:00:34]}
Kg6 {[%clk 00:33:49]} {[%emt 00:00:36]} 71. Rg2 {[%clk 00:01:38]} {[%emt
00:00:49]} Rf4 {[%clk 00:34:05]} {[%emt 00:00:14]} 72. Rh2 {[%clk 00:01:42]}
{[%emt 00:00:27]} Rh4 {[%clk 00:34:02]} {[%emt 00:00:33]} 73. Rf2 {[%clk
00:01:49]} {[%emt 00:00:23]} g4 {[%clk 00:34:15]} {[%emt 00:00:17]} 74. Rg2
{[%clk 00:01:50]} {[%emt 00:00:29]} Rh3 {[%clk 00:34:25]} {[%emt 00:00:20]} 75.
Kd6 {[%clk 00:02:05]} {[%emt 00:00:13]} g3 {[%clk 00:34:47]} {[%emt 00:00:10]}
76. Ke5 {[%clk 00:02:25]} {[%emt 00:00:10]} Kg5 {[%clk 00:35:11]} {[%emt
00:00:06]} 77. Ke4 {[%clk 00:02:42]} {[%emt 00:00:12]} Kg4 {[%clk 00:35:26]}
{[%emt 00:00:15]} 78. Ke3 {[%clk 00:02:37]} {[%emt 00:00:35]} Bd5 {[%clk
00:35:49]} {[%emt 00:00:08]} 79. Rg1 {[%clk 00:03:01]} {[%emt 00:00:05]} g2+
{[%clk 00:36:10]} {[%emt 00:00:09]} 80. Kf2 {[%clk 00:03:16]} {[%emt 00:00:15]}
Rh1 {[%clk 00:36:20]} {[%emt 00:00:21]} 0-1

[Event "DEM U12w 2025"]
[Site "Willingen GER"]
[Date "2025.06.11"]
[Round "6"]
[White "Tischlinger, Lara"]
[Black "Tu, Tiffany"]
[Result "0-1"]
[Termination "normal"]
[Board "3"]
[WhiteElo "1592"]
[BlackElo "1709"]
[WhiteClock "00:19:29"]
[BlackClock "00:38:08"]
[PlyCount "120"]
[WhiteFideId "34663401"]
[BlackFideId "34628576"]
[EventCountry "GER"]
[EventRounds "9"]
[EventType "swiss"]
[EventDate "2025.06.07"]

1. e4 {[%clk 01:30:57]} {[%emt 00:00:02]} e5 {[%clk 01:30:56]} {[%emt
00:00:05]} 2. Nf3 {[%clk 01:31:23]} {[%emt 00:00:04]} Nc6 {[%clk 01:31:21]}
{[%emt 00:00:05]} 3. d4 {[%clk 01:31:46]} {[%emt 00:00:07]} exd4 {[%clk
01:31:45]} {[%emt 00:00:06]} 4. Nxd4 {[%clk 01:32:10]} {[%emt 00:00:07]} Nf6
{[%clk 01:32:06]} {[%emt 00:00:08]} 5. Nxc6 {[%clk 01:32:34]} {[%emt 00:00:05]}
bxc6 {[%clk 01:32:31]} {[%emt 00:00:06]} 6. Bd3 {[%clk 01:32:58]} {[%emt
00:00:06]} d5 {[%clk 01:32:57]} {[%emt 00:00:04]} 7. exd5 {[%clk 01:33:22]}
{[%emt 00:00:06]} cxd5 {[%clk 01:33:22]} {[%emt 00:00:05]} 8. O-O {[%clk
01:33:44]} {[%emt 00:00:08]} Be7 {[%clk 01:33:48]} {[%emt 00:00:04]} 9. c4
{[%clk 01:34:08]} {[%emt 00:00:06]} O-O {[%clk 01:34:11]} {[%emt 00:00:08]} 10.
cxd5 {[%clk 01:33:29]} {[%emt 00:01:08]} Bb7 {[%clk 01:34:33]} {[%emt
00:00:08]} 11. Bc4 {[%clk 01:30:20]} {[%emt 00:03:39]} Nxd5 {[%clk 01:33:59]}
{[%emt 00:01:04]} 12. Qf3 {[%clk 01:29:17]} {[%emt 00:01:33]} Qd6 {[%clk
01:28:36]} {[%emt 00:05:52]} 13. Rd1 {[%clk 01:18:02]} {[%emt 00:11:46]} Nb6
{[%clk 01:26:08]} {[%emt 00:02:58]} 14. Rxd6 {[%clk 01:16:04]} {[%emt
00:02:28]} Bxf3 {[%clk 01:26:27]} {[%emt 00:00:11]} 15. Rd3 {[%clk 00:58:37]}
{[%emt 00:17:57]} Nxc4 {[%clk 01:19:06]} {[%emt 00:07:51]} 16. Rxf3 {[%clk
00:57:48]} {[%emt 00:01:19]} Rad8 {[%clk 01:18:51]} {[%emt 00:00:45]} 17. Nc3
{[%clk 00:56:49]} {[%emt 00:01:30]} Bf6 {[%clk 01:17:24]} {[%emt 00:01:56]} 18.
g3 {[%clk 00:50:55]} {[%emt 00:06:24]} h6 {[%clk 01:12:47]} {[%emt 00:05:06]}
19. b3 {[%clk 00:31:12]} {[%emt 00:20:14]} Ne5 {[%clk 01:09:07]} {[%emt
00:04:05]} 20. Rf4 {[%clk 00:24:32]} {[%emt 00:07:15]} Rd3 {[%clk 01:00:22]}
{[%emt 00:09:15]} 21. Bb2 {[%clk 00:19:48]} {[%emt 00:05:13]} Rd2 {[%clk
00:45:09]} {[%emt 00:15:28]} 22. Ba3 {[%clk 00:14:03]} {[%emt 00:06:32]} Rfd8
{[%clk 00:43:22]} {[%emt 00:02:16]} 23. Ne4 {[%clk 00:06:29]} {[%emt 00:08:04]}
Nf3+ {[%clk 00:42:30]} {[%emt 00:01:22]} 24. Rxf3 {[%clk 00:06:52]} {[%emt
00:00:07]} Bxa1 {[%clk 00:42:55]} {[%emt 00:00:05]} 25. Nxd2 {[%clk 00:07:13]}
{[%emt 00:00:07]} Rxd2 {[%clk 00:43:16]} {[%emt 00:00:12]} 26. Bb4 {[%clk
00:06:35]} {[%emt 00:01:07]} Rxa2 {[%clk 00:42:19]} {[%emt 00:01:27]} 27. Bc3
{[%clk 00:06:41]} {[%emt 00:00:23]} c6 {[%clk 00:41:37]} {[%emt 00:01:11]} 28.
Kg2 {[%clk 00:05:57]} {[%emt 00:01:15]} Bxc3 {[%clk 00:40:38]} {[%emt
00:01:30]} 29. Rxc3 {[%clk 00:06:22]} {[%emt 00:00:06]} Ra6 {[%clk 00:40:41]}
{[%emt 00:00:25]} 30. Kf3 {[%clk 00:04:18]} {[%emt 00:02:34]} Kf8 {[%clk
00:39:33]} {[%emt 00:01:39]} 31. Re3 {[%clk 00:04:06]} {[%emt 00:00:41]} g5
{[%clk 00:31:12]} {[%emt 00:08:51]} 32. h3 {[%clk 00:03:47]} {[%emt 00:00:50]}
Kg7 {[%clk 00:31:01]} {[%emt 00:00:40]} 33. g4 {[%clk 00:01:27]} {[%emt
00:02:50]} Kf6 {[%clk 00:31:04]} {[%emt 00:00:27]} 34. Re4 {[%clk 00:00:52]}
{[%emt 00:01:05]} Rb6 {[%clk 00:30:20]} {[%emt 00:01:15]} 35. b4 {[%clk
00:00:36]} {[%emt 00:00:47]} Rb7 {[%clk 00:27:54]} {[%emt 00:02:42]} 36. Ke3
{[%clk 00:00:41]} {[%emt 00:00:37]} Re7 {[%clk 00:27:37]} {[%emt 00:00:47]} 37.
Rxe7 {[%clk 00:00:52]} {[%emt 00:00:20]} Kxe7 {[%clk 00:28:01]} {[%emt
00:00:06]} 38. Ke4 {[%clk 00:00:57]} {[%emt 00:00:25]} Ke6 {[%clk 00:27:15]}
{[%emt 00:01:15]} 39. Kd4 {[%clk 00:01:02]} {[%emt 00:00:26]} Kd6 {[%clk
00:27:03]} {[%emt 00:00:41]} 40. Kc4 {[%clk 00:01:20]} {[%emt 00:00:13]} a6
{[%clk 00:26:36]} {[%emt 00:00:57]} 41. Kd4 {[%clk 00:00:38]} {[%emt 00:01:10]}
Kc7 {[%clk 00:20:32]} {[%emt 00:06:34]} 42. Kc3 {[%clk 00:17:47]} {[%emt
00:13:22]} c5 {[%clk 00:34:40]} {[%emt 00:16:22]} 43. bxc5 {[%clk 00:17:07]}
{[%emt 00:01:10]} Kc6 {[%clk 00:34:58]} {[%emt 00:00:13]} 44. Kb4 {[%clk
00:15:39]} {[%emt 00:01:58]} a5+ {[%clk 00:34:27]} {[%emt 00:01:01]} 45. Kc4
{[%clk 00:15:09]} {[%emt 00:00:59]} f6 {[%clk 00:32:54]} {[%emt 00:02:03]} 46.
f3 {[%clk 00:15:34]} {[%emt 00:00:06]} a4 {[%clk 00:33:15]} {[%emt 00:00:10]}
47. Kb4 {[%clk 00:15:57]} {[%emt 00:00:06]} a3 {[%clk 00:33:35]} {[%emt
00:00:10]} 48. Kxa3 {[%clk 00:16:22]} {[%emt 00:00:05]} Kxc5 {[%clk 00:34:00]}
{[%emt 00:00:05]} 49. Kb3 {[%clk 00:16:26]} {[%emt 00:00:25]} Kd4 {[%clk
00:34:23]} {[%emt 00:00:08]} 50. Kb4 {[%clk 00:16:35]} {[%emt 00:00:21]} Ke3
{[%clk 00:34:46]} {[%emt 00:00:06]} 51. Kc4 {[%clk 00:16:46]} {[%emt 00:00:20]}
Kxf3 {[%clk 00:35:11]} {[%emt 00:00:05]} 52. Kd5 {[%clk 00:16:45]} {[%emt
00:00:30]} Kg3 {[%clk 00:35:30]} {[%emt 00:00:12]} 53. Ke4 {[%clk 00:16:41]}
{[%emt 00:00:34]} Kxh3 {[%clk 00:35:46]} {[%emt 00:00:13]} 54. Kf5 {[%clk
00:17:07]} {[%emt 00:00:05]} Kh4 {[%clk 00:36:04]} {[%emt 00:00:12]} 55. Kxf6
{[%clk 00:17:29]} {[%emt 00:00:08]} Kxg4 {[%clk 00:36:27]} {[%emt 00:00:07]}
56. Ke5 {[%clk 00:17:55]} {[%emt 00:00:04]} Kf3 {[%clk 00:36:39]} {[%emt
00:00:17]} 57. Kf5 {[%clk 00:18:19]} {[%emt 00:00:06]} g4 {[%clk 00:37:03]}
{[%emt 00:00:06]} 58. Kg6 {[%clk 00:18:42]} {[%emt 00:00:08]} g3 {[%clk
00:37:29]} {[%emt 00:00:04]} 59. Kxh6 {[%clk 00:19:07]} {[%emt 00:00:05]} g2
{[%clk 00:37:47]} {[%emt 00:00:11]} 60. Kg6 {[%clk 00:19:29]} {[%emt 00:00:08]}
g1=Q+ {[%clk 00:38:08]} {[%emt 00:00:09]} 0-1

[Event "DEM U12w 2025"]
[Site "Willingen GER"]
[Date "2025.06.11"]
[Round "6"]
[White "Klymenko, Maria"]
[Black "Alnajjar, Sara"]
[Result "1-0"]
[Termination "normal"]
[Board "4"]
[WhiteElo "1728"]
[BlackElo "1565"]
[WhiteClock "00:48:15"]
[BlackClock "00:45:21"]
[PlyCount "117"]
[WhiteFideId "34620621"]
[BlackFideId "34668659"]
[EventCountry "GER"]
[EventRounds "9"]
[EventType "swiss"]
[EventDate "2025.06.07"]

1. e4 {[%clk 01:30:59]} {[%emt 00:00:01]} d6 {[%clk 01:30:45]} {[%emt
00:00:16]} 2. d4 {[%clk 01:31:24]} {[%emt 00:00:04]} Nf6 {[%clk 01:31:11]}
{[%emt 00:00:04]} 3. Nc3 {[%clk 01:31:49]} {[%emt 00:00:05]} e5 {[%clk
01:31:35]} {[%emt 00:00:06]} 4. Nf3 {[%clk 01:32:15]} {[%emt 00:00:03]} exd4
{[%clk 01:31:59]} {[%emt 00:00:07]} 5. Nxd4 {[%clk 01:32:39]} {[%emt 00:00:07]}
Be7 {[%clk 01:32:17]} {[%emt 00:00:11]} 6. Qf3 {[%clk 01:33:03]} {[%emt
00:00:06]} Nbd7 {[%clk 01:30:12]} {[%emt 00:02:35]} 7. Nf5 {[%clk 01:32:56]}
{[%emt 00:00:36]} Rg8 {[%clk 01:25:18]} {[%emt 00:05:25]} 8. Be3 {[%clk
01:30:55]} {[%emt 00:02:30]} Ne5 {[%clk 01:25:05]} {[%emt 00:00:44]} 9. Qe2
{[%clk 01:29:17]} {[%emt 00:02:06]} Bxf5 {[%clk 01:24:37]} {[%emt 00:01:00]}
10. exf5 {[%clk 01:29:15]} {[%emt 00:00:32]} Qd7 {[%clk 01:24:30]} {[%emt
00:00:38]} 11. O-O-O {[%clk 01:25:02]} {[%emt 00:04:42]} a6 {[%clk 01:23:18]}
{[%emt 00:01:42]} 12. f4 {[%clk 01:21:21]} {[%emt 00:04:10]} Nc6 {[%clk
01:15:44]} {[%emt 00:08:05]} 13. g4 {[%clk 01:19:59]} {[%emt 00:01:50]} O-O-O
{[%clk 01:12:04]} {[%emt 00:04:12]} 14. Qf3 {[%clk 01:17:53]} {[%emt 00:02:32]}
Qe8 {[%clk 01:08:07]} {[%emt 00:04:31]} 15. g5 {[%clk 01:15:30]} {[%emt
00:02:52]} Nd7 {[%clk 01:07:59]} {[%emt 00:00:39]} 16. Bxa6 {[%clk 01:15:08]}
{[%emt 00:00:52]} Nb6 {[%clk 01:04:39]} {[%emt 00:03:50]} 17. Bf1 {[%clk
01:14:07]} {[%emt 00:01:27]} h6 {[%clk 00:55:30]} {[%emt 00:09:43]} 18. h4
{[%clk 01:09:59]} {[%emt 00:04:36]} Kb8 {[%clk 00:52:19]} {[%emt 00:03:43]} 19.
Bxb6 {[%clk 01:07:38]} {[%emt 00:02:51]} cxb6 {[%clk 00:51:10]} {[%emt
00:01:40]} 20. Nd5 {[%clk 01:07:07]} {[%emt 00:00:59]} Rc8 {[%clk 00:49:10]}
{[%emt 00:02:31]} 21. Nxb6 {[%clk 01:03:29]} {[%emt 00:04:08]} Rc7 {[%clk
00:49:24]} {[%emt 00:00:16]} 22. Nd5 {[%clk 01:03:26]} {[%emt 00:00:32]} Rc8
{[%clk 00:49:48]} {[%emt 00:00:07]} 23. f6 {[%clk 01:03:30]} {[%emt 00:00:25]}
gxf6 {[%clk 00:49:01]} {[%emt 00:01:19]} 24. gxf6 {[%clk 01:03:50]} {[%emt
00:00:08]} Bd8 {[%clk 00:48:46]} {[%emt 00:00:46]} 25. Bh3 {[%clk 01:03:35]}
{[%emt 00:00:44]} Rc7 {[%clk 00:46:58]} {[%emt 00:02:19]} 26. Nxc7 {[%clk
01:03:04]} {[%emt 00:01:01]} Bxc7 {[%clk 00:47:16]} {[%emt 00:00:11]} 27. Rhe1
{[%clk 01:02:19]} {[%emt 00:01:14]} Qd8 {[%clk 00:47:02]} {[%emt 00:00:46]} 28.
Rg1 {[%clk 01:00:19]} {[%emt 00:02:26]} Rxg1 {[%clk 00:47:00]} {[%emt
00:00:36]} 29. Rxg1 {[%clk 01:00:42]} {[%emt 00:00:07]} Qxf6 {[%clk 00:47:08]}
{[%emt 00:00:22]} 30. Rg8+ {[%clk 00:59:06]} {[%emt 00:02:04]} Ka7 {[%clk
00:47:01]} {[%emt 00:00:38]} 31. Bg2 {[%clk 00:53:12]} {[%emt 00:06:23]} Qxh4
{[%clk 00:45:39]} {[%emt 00:01:53]} 32. Qg3 {[%clk 00:53:21]} {[%emt 00:00:18]}
Qe7 {[%clk 00:45:56]} {[%emt 00:00:16]} 33. Bxc6 {[%clk 00:53:30]} {[%emt
00:00:21]} d5 {[%clk 00:45:39]} {[%emt 00:00:48]} 34. Re8 {[%clk 00:49:45]}
{[%emt 00:04:12]} Qb4 {[%clk 00:44:21]} {[%emt 00:01:45]} 35. Qe3+ {[%clk
00:47:16]} {[%emt 00:03:02]} Bb6 {[%clk 00:43:53]} {[%emt 00:01:02]} 36. Qa3+
{[%clk 00:46:57]} {[%emt 00:00:48]} Qxa3 {[%clk 00:44:15]} {[%emt 00:00:08]}
37. bxa3 {[%clk 00:47:21]} {[%emt 00:00:07]} bxc6 {[%clk 00:44:39]} {[%emt
00:00:06]} 38. Re7+ {[%clk 00:47:31]} {[%emt 00:00:18]} Ka6 {[%clk 00:45:03]}
{[%emt 00:00:07]} 39. Rxf7 {[%clk 00:47:45]} {[%emt 00:00:16]} h5 {[%clk
00:45:16]} {[%emt 00:00:17]} 40. Kd2 {[%clk 00:47:14]} {[%emt 00:01:00]} Bc5
{[%clk 00:44:44]} {[%emt 00:01:03]} 41. Rh7 {[%clk 00:45:34]} {[%emt 00:02:08]}
Bxa3 {[%clk 00:44:37]} {[%emt 00:00:39]} 42. f5 {[%clk 00:45:41]} {[%emt
00:00:22]} Kb5 {[%clk 00:43:57]} {[%emt 00:01:12]} 43. f6 {[%clk 00:45:50]}
{[%emt 00:00:20]} Bb4+ {[%clk 00:43:09]} {[%emt 00:01:18]} 44. c3 {[%clk
00:45:10]} {[%emt 00:01:09]} Bd6 {[%clk 00:42:57]} {[%emt 00:00:43]} 45. f7
{[%clk 00:45:15]} {[%emt 00:00:24]} c5 {[%clk 00:42:37]} {[%emt 00:00:50]} 46.
Rh8 {[%clk 00:45:01]} {[%emt 00:00:40]} d4 {[%clk 00:42:29]} {[%emt 00:00:42]}
47. cxd4 {[%clk 00:45:01]} {[%emt 00:00:31]} cxd4 {[%clk 00:42:46]} {[%emt
00:00:13]} 48. f8=Q {[%clk 00:45:22]} {[%emt 00:00:09]} Bxf8 {[%clk 00:42:14]}
{[%emt 00:01:02]} 49. Rxf8 {[%clk 00:45:45]} {[%emt 00:00:07]} h4 {[%clk
00:42:39]} {[%emt 00:00:04]} 50. Rh8 {[%clk 00:46:07]} {[%emt 00:00:09]} Ka4
{[%clk 00:42:49]} {[%emt 00:00:20]} 51. Rxh4 {[%clk 00:46:26]} {[%emt
00:00:10]} Ka3 {[%clk 00:43:00]} {[%emt 00:00:21]} 52. Rxd4 {[%clk 00:46:26]}
{[%emt 00:00:28]} Kb2 {[%clk 00:42:56]} {[%emt 00:00:35]} 53. a4 {[%clk
00:46:41]} {[%emt 00:00:15]} Kb3 {[%clk 00:43:20]} {[%emt 00:00:06]} 54. a5
{[%clk 00:47:03]} {[%emt 00:00:07]} Kb2 {[%clk 00:43:45]} {[%emt 00:00:05]} 55.
Rb4+ {[%clk 00:47:20]} {[%emt 00:00:13]} Ka3 {[%clk 00:44:07]} {[%emt
00:00:09]} 56. Kc3 {[%clk 00:47:41]} {[%emt 00:00:09]} Ka2 {[%clk 00:44:32]}
{[%emt 00:00:05]} 57. a6 {[%clk 00:47:50]} {[%emt 00:00:20]} Ka3 {[%clk
00:44:57]} {[%emt 00:00:06]} 58. a7 {[%clk 00:48:15]} {[%emt 00:00:05]} Ka2
{[%clk 00:45:21]} {[%emt 00:00:05]} 59. a8=R# {[%emt 00:00:06]} 1-0